Mad o Jazar / (Record no. 188156)
[ view plain ]
| 000 -LEADER | |
|---|---|
| fixed length control field | 00406 a2200169 4500 |
| 003 - CONTROL NUMBER IDENTIFIER | |
| control field | Nust |
| 005 - DATE AND TIME OF LATEST TRANSACTION | |
| control field | 20230327121459.0 |
| 040 ## - CATALOGING SOURCE | |
| Transcribing agency | Nust |
| 082 ## - DEWEY DECIMAL CLASSIFICATION NUMBER | |
| Classification number | 891.4391,REH |
| 100 ## - MAIN ENTRY--PERSONAL NAME | |
| Personal name | Shafiq-ur-Rehman |
| 9 (RLIN) | 1675 |
| 245 ## - TITLE STATEMENT | |
| Title | Mad o Jazar / |
| Statement of responsibility, etc. | Shafiq-ur-Rehman |
| 260 ## - PUBLICATION, DISTRIBUTION, ETC. | |
| Place of publication, distribution, etc. | Lahore |
| Name of publisher, distributor, etc. | Mavra |
| 300 ## - PHYSICAL DESCRIPTION | |
| Extent | 151:p |
| 538 ## - SYSTEM DETAILS NOTE | |
| System details note | Almirah No.67, Shelf No.3 |
| 650 ## - SUBJECT ADDED ENTRY--TOPICAL TERM | |
| Topical term or geographic name entry element | Urdu Novel |
| 9 (RLIN) | 2511 |
| 942 ## - ADDED ENTRY ELEMENTS (KOHA) | |
| Source of classification or shelving scheme | |
| Koha item type | Book |
| Call number prefix | 891.4391,REH |
| Withdrawn status | Lost status | Source of classification or shelving scheme | Damaged status | Not for loan | Permanent Location | Current Location | Shelving location | Date acquired | Full call number | Barcode | Date last seen | Price effective from | Koha item type | Public note |
|---|---|---|---|---|---|---|---|---|---|---|---|---|---|---|
| Military College of Signals (MCS) | Military College of Signals (MCS) | General Stacks | 12/12/2016 | 891.4391,REH | MCS34154 | 02/19/2025 | 12/12/2016 | Book | Almirha No 66, Shelf No 1 |
